000 00675nam a22002417a 4500
003 UA-OsUOA
001 127735
007 ta
008 20171212b un ||||| |||| 00| 0 ukr d
100 _aЗемляний В.
090 _a821.161.2
_bЗ-53
942 _cBK
040 _aUA-OsUOA
_bukr
_cUA-OsUOA
_dUA-OsUOA
245 _aПодорожник слова
_bкиївські сторінки
300 _a80 с.
955 _a3
041 _aukr
080 _a821.161.2
020 _a966-7015-33-5
260 _aК.
_bУкраїнські пропілеї
_c2003
650 7 _a82 Література. Літературознавство
_2UDC
999 _c414959
_d414959